Pederastie Active 1907

সংরক্ষণ করুন:
গ্রন্থ-পঞ্জীর বিবরন
প্রধান লেখক: Rast, P.D
অন্যান্য লেখক: Cardon, Patrick
বিন্যাস: গ্রন্থ
ভাষা:ইংরেজি
প্রকাশিত: Lille Cahiers Gai-Kitsch-Camp 1993
ট্যাগগুলো: ট্যাগ যুক্ত করুন
কোনো ট্যাগ নেই, প্রথমজন হিসাবে ট্যাগ করুন!

MARC

LEADER 00000nam a2200000 4500
005 20241106191805.0
008 241106b |||||||| |||| 00| 0 eng d
020 |a 290805017X 
040 |c GP 
100 |a Rast, P.D. 
245 |a Pederastie Active  |b 1907 
260 |a Lille  |b Cahiers Gai-Kitsch-Camp  |c 1993 
700 |a Cardon, Patrick 
942 |2 ddc  |c BK  |n 0 
952 |0 0  |1 0  |2 ddc  |4 0  |6 843_000000000000000_RAS  |7 1  |9 2176  |a RM  |b RM  |d 2024-11-06  |l 0  |o 843 RAS  |p 517  |r 2024-11-06 19:18:34  |w 2024-11-06  |y BK 
999 |c 1915  |d 1915